Matemáticas. Solucionario. 7º E.G.B.

Guardado en:
Detalles Bibliográficos
Autor principal: Marsinyach Dalmases, Sebastián
Formato: Desconocido
Lenguaje:español
Publicado: Madrid Bruño 1978
Catálogo:MANES:  Resultados de Búsqueda del Catálogo
Clasificación de libros de texto:
Etiquetas: Agregar Etiqueta
Sin Etiquetas, Sea el primero en etiquetar este registro!
Añadido a:2016-04-26

MARC

LEADER 000000000a22000000004500
001 02447
003 OSt
008 160427s sp ||||| |||| 00| 0 spa d
040 |c centro_manes 
041 1 |a spa 
691 7 |a PRI 
100 1 |a Marsinyach Dalmases, Sebastián  |9 145 
245 0 0 |a Matemáticas. Solucionario. 7º E.G.B. 
260 3 |a Madrid  |b Bruño  |c 1978 
300 |a 191 p.  |c 25x19 cm 
500 |a Fecha de publicación tomada del Depósito Legal 
690 0 |a MATE 
942 |2 ddc  |c BK 
546 |a España 
999 |c 8421  |d 8421 
999 |c manes:8421  |d 8421